Music Quiz

Random Music or Album Quiz

Iron Maiden Albums Quiz Stats

 Plays Quiz not verified by Sporcle

Score 0/16 Timer 05:00
0 Plays Today
Hint Answer % Correct
Killers
96%
Powerslave
96%
Iron Maiden
92%
Fear Of the Dark
90%
Piece of Mind
88%
Somewhere In Time
88%
The Number of the Beast
86%
Virtual XI
86%
Hint Answer % Correct
The X Factor
82%
The Book Of Souls
82%
Brave New World
80%
The Final Frontier
80%
Seventh Son of a Seventh Son
78%
No Prayer For the Dying
76%
Dance Of Death
74%
A Matter Of Life and Death
74%

You're not logged in!

Compare scores with friends on all Sporcle quizzes.
OR
Log In

Sporcle TV

Today on Sporcle TV


Watch our educational content, quiz creation guides, and fun videos on Sporcle TV.

Show Comments

Extras

Top Quizzes Today


Score Distribution

Your Account Isn't Verified!

In order to create a playlist on Sporcle, you need to verify the email address you used during registration. Go to your Sporcle Settings to finish the process.

Report this User

Report this user for behavior that violates our Community Guidelines.

Details: